Dictionary of architecture and construction (Record no. 30669)

MARC details
000 -LEADER
fixed length control field 00288nam a2200109Ia 4500
082 ## - DEWEY DECIMAL CLASSIFICATION NUMBER
Classification number 72(038)
Item number HAR
100 ## - MAIN ENTRY--AUTHOR NAME
Personal name Harris, C M
245 #0 - TITLE STATEMENT
Title Dictionary of architecture and construction
260 ## - PUBLICATION, DISTRIBUTION, ETC. (IMPRINT)
Place of publication New York
Name of publisher McGraw Hill
Year of publication 1975
942 ## - ADDED ENTRY ELEMENTS (KOHA)
Koha item type Books
Holdings
Withdrawn status Lost status Damaged status Not for loan Home library Current library Date acquired Cost, normal purchase price Full call number Accession Number Koha item type
        RRII Library RRII Library 16/12/2021 37.50 72(038) HAR 11239 Books